[Event "San Jose Santa Barbara qual"]
[Site "San Jose"]
[Date "2016.05.12"]
[Round "4.6"]
[White "Araya Solano, Edgar"]
[Black "Huertas Badilla, Allan"]
[Result "0-1"]
[WhiteElo "1834"]
[BlackElo "1766"]
[PlyCount "32"]
[EventDate "2016.04.21"]
[EventType "swiss"]
[EventRounds "7"]
[EventCountry "CRI"]
[SourceTitle "EXT 2024"]
[Source "ChessBase"]
[SourceDate "2023.10.10"]
[SourceVersion "1"]
[SourceVersionDate "2023.10.10"]
[SourceQuality "1"]

1. e4 e6 2. d4 d5 3. exd5 exd5 4. c4 Ne7 5. Nc3 g6 6. Bg5 f6 7. Bxf6 Rg8 8. Nxd5 Nd7 9. Qe2 c6 10. Bxe7 Bxe7 11. Qe6 Rf8 12. Nc3 Nf6 13. Qe3 Ng4 14. Qe2 Rxf2 15. Qd3 Bf5 16. Ne4 Bxe4 0-1

[Event "San Jose Santa Barbara qual"]
[Site "San Jose"]
[Date "2016.04.28"]
[Round "2.2"]
[White "Solis Gomez, Jose Alberto"]
[Black "Araya Solano, Edgar"]
[Result "1-0"]
[WhiteElo "1816"]
[BlackElo "1834"]
[PlyCount "59"]
[EventDate "2016.04.21"]
[EventType "swiss"]
[EventRounds "7"]
[EventCountry "CRI"]
[SourceTitle "EXT 2024"]
[Source "ChessBase"]
[SourceDate "2023.10.10"]
[SourceVersion "1"]
[SourceVersionDate "2023.10.10"]
[SourceQuality "1"]

1. Nf3 c5 2. c4 Nf6 3. g3 e6 4. Bg2 d5 5. e3 Be7 6. b3 Nc6 7. Bb2 0-0 8. 0-0 dxc4 9. bxc4 Qb6 10. Qb3 Rd8 11. Nc3 Nb4 12. Na4 Qd6 13. d4 Na6 14. Rfd1 Qc7 15. Rac1 Bd7 16. Nc3 cxd4 17. exd4 Qa5 18. Ne5 Rab8 19. Nxd7 Rxd7 20. d5 Bc5 21. Ne4 Nxe4 22. Bxe4 b5 23. Be5 bxc4 24. Qf3 Rbd8 25. dxe6 fxe6 26. Rxd7 Rxd7 27. Bxh7+ Kh8 28. Qh5 Bxf2+ 29. Kg2 Qd2 30. Bg6+ 1-0

[Event "San Jose Bronstein Memorial"]
[Site "San Jose"]
[Date "2016.02.25"]
[Round "4"]
[White "Araya Solano, Edgar"]
[Black "Gomez Huertas, Stanley"]
[Result "1/2-1/2"]
[WhiteElo "1823"]
[BlackElo "2118"]
[PlyCount "54"]
[EventDate "2016.02.21"]
[EventType "tourn"]
[EventRounds "7"]
[EventCountry "CRI"]
[SourceTitle "CBM 171 Extra"]
[Source "ChessBase"]
[SourceDate "2016.04.26"]
[SourceVersion "1"]
[SourceVersionDate "2016.04.26"]
[SourceQuality "1"]

1. e4 e5 2. Nf3 Nc6 3. Bb5 a6 4. Ba4 Nf6 5. 0-0 Be7 6. Re1 b5 7. Bb3 d6 8. h3 0-0 9. c3 Na5 10. Bc2 c5 11. d4 Nd7 12. dxc5 dxc5 13. a4 Bb7 14. Nbd2 Qc7 15. Nf1 c4 16. Ne3 Nb6 17. axb5 axb5 18. Nf5 Nc6 19. Rxa8 Rxa8 20. Be3 Bf8 21. Ng5 Nd8 22. Qg4 Bc8 23. Rd1 Be6 24. Rxd8 Rxd8 25. Nxe6 fxe6 26. Nh6+ Kh8 27. Bxb6 Qxb6 1/2-1/2